000 00367 a2200109 4500
245 _aHomones and Cell Regulation=Homones et régulation cellulaire. 3.: Proceedings of the 13th INSERM European, held at Mont Sainte-Odile, septembre 1988
100 _aINSERM Symposium
260 _c1988
300 _a151 p.
999 _c16704
_d16704